| 000 | 00425nam a2200169Ia 4500 | ||
|---|---|---|---|
| 003 | GCL | ||
| 008 | 140319s9999 xx 000 0 eng d | ||
| 040 |
_aGCL / _cGCL |
||
| 082 | 0 | 4 |
_aCC _b962.053 _bF N |
| 100 | 1 | _aFARID, ABDEL MAGID | |
| 245 | 1 | 0 |
_aNASSER: THE FINAL YEARS / _cFARID, ABDEL MAGID |
| 260 |
_a[S.N] : _bI THACA PRESS ، _c1994 |
||
| 300 | _a221 P | ||
| 650 | 0 | 4 | _aEGYPT |
| 650 | 0 | 4 | _aHISTORY |
| 942 |
_2ddc _cBK |
||
| 999 |
_c25051 _d25051 |
||